Le Koweït pour les touristes... - Facile - Statistiques

Statistiques générales
  • Ce quiz a été pris 9 fois
  • Le résultat moyen est 10 sur 20
Statistiques - réponses
Question Indice Réponses Indice facile % Correct
Quelle est la langue officielle ? Arabe
100%
Quelles sont les principaux lieux touristiques ? M Grande {mosquée} MOQUEES
86%
Le principal aéroport est K Koweit
86%
Combien d'heures (environ) mettrez-vous pour vous y rendre ? (en chiffres) 8
71%
Achats à faire 4/ Représentation de l'animal symbole du pays, l' Aigle GLAIE
71%
Achats à faire 1/ Fruits secs Dattes STADET
71%
La religion majoritaire est Islam I
71%
Quel est le régime du pays ? M C Monarchie constitutionnelle
71%
Dans la capitale quel est le décalage horaire avec Paris ? (+ ou - et chiffre) ex - 10 ou + 3,5 + 1
57%
Le suffixe internet est kw
57%
Comment se nomme la principale compagnie aérienne locale K A Kuwait Airways ISIAKWAYWAURT
57%
Quel est le climat local ? D Désertique
43%
Quelle est la monnaie ? Dinar koweitien D
43%
Achats à faire 3/ Pour la cuisine Epices PIECES
43%
Quelles sont les principaux lieux touristiques ? C Musée de la {calligraphie} islamique CAGIEPHRLLAI
29%
Quelles sont les principaux lieux touristiques ? I Musée des arts {islamiques} LIQUSSAMIE
29%
Quelles sont les principaux lieux touristiques ? A Souk {Al-Mubarakiya} AUKIRLAYABAM
14%
Achats à faire 2/ Huiles aromatiques REMOSAIQUAT
0%
Quelles sont les principaux lieux touristiques ? T A Centre commercial {The avenues} ESEUATENHV
0%
Code sur les plaques minéralogiques KWT
0%
Aucun quiz correspondant
Distribution des résultats
% des personnes avec chaque résultat
Percentile par nombre de réponses
Votre historique - résultats
Vous n’avez pas pris ce quiz